Дело о приобретении для библиотеки Радзиминского института, Калишского и Келецкого высших реальных и уездных училищ книг, изданн...

Доступно только в Электронных читальных залах Найти на картеНа карте
RUSMARC
00004279nmc2a2200000 x 450
0018d8b93fa-957e-4180-b196-2d66f0226fb4
00520170425180913.0
100##$a20141015l18501851k l0rusy0189 ca
1010#$arus
102##$aRU
2001#$aДело о приобретении для библиотеки Радзиминского института, Калишского и Келецкого высших реальных и уездных училищ книг, изданных бывшим учителем Александринского института воспитания Сероцинским
$j26 октября 1850 г. - 9 октября 1851 г.
251##$cДело
300##$aДело
300##$aОриг. заголовок дела: Дело по просьбе профессора Сероцинского о принятии учебников его по Варшавскому учебному округу. 26 октября 1850 г. - 9 октября 1851 г
801#0$aRU
$bРГИА
$c20141015
$gRCR
801#1$aRU
$bГлавНИВЦ
$c20141015
$2rusmarc
801#2$aRU
$bПБ им. Б.Н. Ельцина
$c20170425
$gRCR
$2rusmarc
850##$aРГИА
852##$aРГИА
$eФедеральное казенное учреждение "Российский государственный исторический архив" (РГИА)
$j321
937##$hРГИА
$d11184304
$aASBIBLIO_SCAN
462#0$10015a39e5d3-dc69-4a86-ab96-9d2e08e41784
$12001
$aДела Департамента народного просвещения по Варшавскому учебному округу
$1251
$cОпись
$1852
$j77
461#0$1001a74412a3-3cc5-4d21-8f0a-dfe2fbd9e72d
$12001
$aДепартамент народного просвещения Министерства народного просвещения (1803-1917)
$1251
$cФонд
$1852
$j733
215##$a18 л.
$d36,5x26 см
371##$aДокумент не является опубликованным и широко распространяемым
105##$ay###
1222#$ad
5171#$aДело по просьбе профессора Сероцинского о принятии учебников его по Варшавскому учебному округу. 26 октября 1850 г. - 9 октября 1851 г
035##$a8d8b93fa-957e-4180-b196-2d66f0226fb4
856##$uhttp://readingroom.main.prlib.ru/item.aspx?id_node=n97608669&mode=full
Формат отображения